000 00602nam a2200205Ia 4500
001 9267
003 AR-BaAGN
005 20231103121109.0
007 ta
008 211213s1898 ag |||||||||||||| ||spa d
040 _dAR-BaAGN
_bspa
_aAR-BaAGN
_eaacr
110 _aFacultad de Agronomía y Veterinaria de la Provincia de Buenos Aires
245 1 0 _aProgramas y condiciones de ingreso :
_b1898.
260 _aLa Plata :
_bTip. de la Escuela de Artes y Oficios,
_c1898.
300 _a36 páginas
336 _2rdacontent
_btxt
337 _2rdamedia
_bn
338 _2rdacarrier
_bnc
942 _2ddc
_n0
_cLIBRO
999 _c9267
_d9266